| 000 | 00540nam a2200205Ia 4500 | ||
|---|---|---|---|
| 003 | OSt | ||
| 005 | 20230327085040.0 | ||
| 008 | 210423s2005 xx 000 0 und d | ||
| 020 | _a195678265 | ||
| 040 | _cAL | ||
| 041 | _aeng | ||
| 082 |
_a546.42 _223 _b NORN |
||
| 100 |
_aNORMAN (N C). _978011 |
||
| 245 | _aPeriodicity and the s-and p-block elements. | ||
| 260 |
_aNew Delhi _bOxford University Press _c2005 |
||
| 300 |
_a90,2 _bPB |
||
| 365 |
_b125 _cINR |
||
| 906 | _aelements. ; p-block ; Periodicity ; s-and | ||
| 942 |
_2ddc _cBK |
||
| 999 |
_c154037 _d154037 |
||